Statistiken für Super Smash Bros - Charakter Quiz

Klicken Sie hier um das Quiz zu spielen!

Allgemein

  • Dieses Quiz wurde 1.363 mal gespielt
    (927 seit der letzten Aktualisierung)
  • Das Durchschnittsergebnis liegt bei 51 aus 90

Antwortstatistiken

Ersterscheinung inCharakter% Korrekt
Super Smash Bros. 64Mario
99%
Super Smash Bros. 64Luigi
97%
Super Smash Bros. MeleeBowser
94%
Super Smash Bros. 64Link
91%
Super Smash Bros. MeleePeach
91%
Super Smash Bros. 64Donkey Kong
88%
Super Smash Bros. 64Pikachu
87%
Super Smash Bros. MeleeZelda
85%
Super Smash Bros. 64Kirby
82%
Super Smash Bros. UltimateDaisy
80%
Super Smash Bros. 64Samus
79%
Super Smash Bros. 64Fox
77%
Super Smash Bros. 4Wii Fit Trainer
77%
Super Smash Bros. 64Yoshi
76%
Super Smash Bros. MeleeFalco
74%
Super Smash Bros. BrawlWario
73%
Super Smash Bros. UltimateKen
72%
Super Smash Bros. 64Ness
72%
Super Smash Bros. 64Pummeluff
72%
Super Smash Bros. BrawlDiddy Kong
71%
Super Smash Bros. MeleeGanondorf
71%
Super Smash Bros. BrawlToon Link
71%
Super Smash Bros. MeleePichu
68%
Super Smash Bros. 64Captain Falcon
66%
Super Smash Bros. BrawlKönig Dedede
66%
Super Smash Bros. BrawlLucas
66%
Super Smash Bros. MeleeMarth
66%
Super Smash Bros. MeleeJunger Link
65%
Super Smash Bros. MeleeSheik
63%
Super Smash Bros. 4Bowser Jr.
62%
Super Smash Bros. BrawlLucario
60%
Super Smash Bros. BrawlMeta Knight
60%
Super Smash Bros. MeleeMewtu
60%
Super Smash Bros. BrawlPit
60%
Super Smash Bros. MeleeRoy
60%
Super Smash Bros. UltimateSteve
60%
Super Smash Bros. MeleeMr. Game & Watch
59%
Super Smash Bros. BrawlWolf
59%
Super Smash Bros. UltimateDunkle Samus
58%
Super Smash Bros. BrawlGlurak
58%
Super Smash Bros. BrawlIke
58%
Super Smash Bros. BrawlSonic
57%
Super Smash Bros. 4Lucina
55%
Super Smash Bros. BrawlR.O.B.
55%
Super Smash Bros. BrawlZero Suit Samus
55%
Super Smash Bros. 4Bewohner
54%
Super Smash Bros. UltimateFuegro
54%
Super Smash Bros. BrawlSnake
54%
Super Smash Bros. UltimateKing K. Rool
53%
Super Smash Bros. MeleeDr. Mario
52%
Super Smash Bros. 4Finsterer Pit
51%
Super Smash Bros. 4Quajutsu
51%
Super Smash Bros. 4Ryu
51%
Super Smash Bros. 4Bayonetta
50%
Super Smash Bros. UltimateRidley
49%
Super Smash Bros. 4Rosalina & Luma
48%
Super Smash Bros. UltimateBanjo & Kazooie
47%
Super Smash Bros. MeleeIce Climbers
47%
Super Smash Bros. UltimateJoker
47%
Super Smash Bros. UltimateMelinda
47%
Super Smash Bros. 4Palutena
47%
Super Smash Bros. UltimatePiranha Pflanze
47%
Super Smash Bros. BrawlSchiggy
47%
Super Smash Bros. BrawlBisaknosp
44%
Super Smash Bros. UltimateChrom
43%
Super Smash Bros. 4Cloud
43%
Super Smash Bros. 4Duck Hunt Duo
42%
Super Smash Bros. 4Pac-Man
42%
Super Smash Bros. 4Daraen
41%
Super Smash Bros. UltimateRichter
40%
Super Smash Bros. UltimateMin Min
38%
Super Smash Bros. UltimateMin Min
38%
Super Smash Bros. UltimatePyra / Mythra
38%
Super Smash Bros. BrawlOlimar
37%
Super Smash Bros. UltimateSora
37%
Super Smash Bros. 4Corrin
36%
Super Smash Bros. 4Mega Man
36%
Super Smash Bros. UltimateSimon
36%
Super Smash Bros. UltimateInkling
35%
Super Smash Bros. 4Shulk
35%
Super Smash Bros. UltimateByleth
34%
Super Smash Bros. UltimateByleth
34%
Super Smash Bros. UltimateKazuya
33%
Super Smash Bros. 4Little Mac
33%
Super Smash Bros. UltimateTerry
33%
Super Smash Bros. 4Mii Boxer
32%
Super Smash Bros. 4Mii Schwertkämpfer
32%
Super Smash Bros. UltimateHeld
31%
Super Smash Bros. 4Mii Schütze
31%
Super Smash Bros. UltimateSephiroth
31%

Verteilung der Resultate

Perzentil nach korrekt beantworteten Fragen

Anzahl Personen mit jedem Resultat

Ihre Resultats-Entwicklung

Sie haben dieses Quiz seit der letzten Aktualisierung nicht gespielt